000 00687nam a2200229 a 4500
001 BRCA_6809
005 20190320205612.0
008 031111m19301966u--a######---#000-0#eng-#
041 _aeng
044 _au
050 4 _aND801
_b.P67 1930
100 1 _aPost, Chandler Rathfon
_916980
245 1 0 _aA history of spanish painting
_cChandler Rathfon Post.
260 _aCambridge, Massachusetts
_bHarvard University
_c1930-1966
300 _a14 v. en 20 t.
_bil.
_c25 cm.
500 _aEstado físico: edición con cantos dorados del v.1 al v.8 (12 t.)
500 _aN21
650 1 4 _aPintura española
_97790
650 1 4 _aPintura
_xHistoria
_916981
902 _aGFM
942 _2lcc
_cB
999 _c6492
_d6492